The dynamics of mass comunication /

Saved in:
Bibliographic Details
Main Author: Dominick, Joseph R (Author)
Format: Book
Language:English
Published: New York : Random House, 1987
Edition:2.vyd.
Tags: Add Tag
No Tags, Be the first to tag this record!

MARC

LEADER 00000nam a22000003a 4500
001 stu27292
005 20150617225740.4
008 940119s1987----xxu-----------------eng-d
020 |a 0-394-35832-5 
040 |a STU  |b slo 
041 0 |a eng 
044 |a xxu 
080 |a 301 
100 1 |a Dominick, Joseph R  |4 aut 
245 1 |a The dynamics of mass comunication /  |c [aut]Dominick,Joseph R 
250 |a 2.vyd. 
260 |a New York :  |b Random House,  |c 1987 
300 |a 22,600 s 
996 |b 284V027467  |c V*41998/O-17917  |l VVT  |s A  |a 24  |w stu27292_0001